| 000 | 00403pab a2200157 454500 | ||
|---|---|---|---|
| 008 | 180718b2001 xxu||||| |||| 00| 0 eng d | ||
| 100 | _aVir, Dharam | ||
| 245 | _aEfficacy of public audit system in India: reforming the institution through empowerment | ||
| 260 | _c2001 | ||
| 300 | _ap.10 | ||
| 362 | _a18 Jul | ||
| 650 | _aPublic finance | ||
| 650 | _aAudit | ||
| 773 | _aTribune | ||
| 909 | _a50517 | ||
| 999 |
_c50517 _d50517 |
||